000 01627nam0a2200373 4500
001 RU\NLR\bibl\155099
005 20260407085450.0
010 _a5-85747-097-8
_95000
021 _aRU
_b2001-6522
_9311
035 _a(NLR Aleph) 000152089
090 _a873059
_c873059
100 _a20010420d2000 |||y0rusy50 ca
101 0 _arus
102 _aRU
105 _aa |||||||||
200 1 _aТруды VII Российского национального конгресса "Человек и лекарство", [10-14 апр. 2000 г.]
210 _aМ.
_cОбщерос. обществ. фонд "Здоровье человека"
_d2000
215 _a743,[1] с.
_cил.
_d22
300 _aВ надзаг.: Общерос. обществ. фонд "Здоровье человека"
606 0 _aФармакотерапия
_jСъезды, совещания и т.п.
_9903689
_3RU\NLR\auth\668962
606 0 _aФармацевтические препараты
_jСъезды, совещания и т.п.
_xВлияние на организм
_9900649
_3RU\NLR\auth\667294
610 0 _aФармакотерапия
675 _a616-085.2/.3(082)
_v3
_zrus
686 _a76.03
_2rugasnti
686 _a52.5
_2rubbk
686 _aР352я431(2)
686 _aР281.2я431(2)
710 1 2 _a"Человек и лекарство", российский национальный конгресс
_d7
_f2000
_eМосква
_3RU\NLR\AUTH\8810046736
_9593126
801 0 _aRU
_bRKP
_c20010420
_gPSBO
801 1 _aRU
_bRKP
_c20010420
801 2 _aRU
_bNLR
_c20060414
_grcr
942 _cBOOK
980 _aNB